[Event "XXVIII Festival Conca della Presolana 1N"]
[Site "Bratto - Castione della Presolana ITA"]
[Date "2008.08.27"]
[Round "5"]
[White "Barrera, Pietro"]
[Black "Pitrola, Carlo"]
[Result "0-1"]
[WhiteElo "1881"]
[BlackElo "1837"]
[PlyCount "100"]
[EventDate "2008.08.23"]

1. d4 d5 2. Nf3 Nf6 3. Bg5 e6 4. e3 Be7 5. Bd3 Nbd7 6. Nbd2 c5 7. c3 b6 8. O-O
O-O 9. Rc1 Bb7 10. Bb1 Ne4 11. Bxe7 Qxe7 12. Nxe4 dxe4 13. Nd2 f5 14. Qe2 e5
15. f3 exf3 16. Nxf3 exd4 17. cxd4 Rae8 18. Qc4+ Kh8 19. Rce1 Bxf3 20. Rxf3 Qh4
21. Ref1 Ne5 22. Qd5 Nxf3+ 23. Qxf3 cxd4 24. e4 Qg4 25. Qa3 f4 26. Qd3 Rf7 27.
e5 g6 28. Qxd4 Rd7 29. Qc3 Rd1 30. e6+ Kg8 31. Bc2 f3 32. Qxf3 Qxf3 33. gxf3
Rxf1+ 34. Kxf1 Kg7 35. Bb3 Kf6 36. h4 Rd8 37. Ke2 Rd4 38. h5 g5 39. Ke3 Rh4 40.
a3 Rxh5 41. Kd4 Rh3 42. Kd5 Rxf3 43. Bc4 Rf5+ 44. Kd6 Re5 45. Kc6 Rxe6+ 46.
Bxe6 Kxe6 47. Kb7 g4 48. Kxa7 g3 49. Kxb6 g2 50. a4 g1=Q+ 0-1

[Event "XXVIII Festival Conca della Presolana 1N"]
[Site "Bratto - Castione della Presolana ITA"]
[Date "2008.08.27"]
[Round "5"]
[White "Bettini, Massimo"]
[Black "Stella, Luca"]
[Result "1-0"]
[WhiteElo "1814"]
[BlackElo "1894"]
[PlyCount "59"]
[EventDate "2008.08.23"]

1. e4 c5 2. Nf3 d6 3. d4 cxd4 4. Nxd4 Nf6 5. Nc3 g6 6. Be3 Bg7 7. Bc4 Nc6 8. f3
Bd7 9. Qd2 O-O 10. O-O-O Rc8 11. Bb3 Ne5 12. h4 Nc4 13. Bxc4 Rxc4 14. h5 b5 15.
hxg6 fxg6 16. Nb3 Qc7 17. Bh6 Bxh6 18. Qxh6 Be6 19. Nd4 Bf7 20. g4 Rxc3 21. g5
Nh5 22. Rxh5 gxh5 23. g6 hxg6 24. Ne6 Rxc2+ 25. Kb1 Bxe6 26. Qxg6+ Kh8 27.
Qxh5+ Kg7 28. Rg1+ Bg4 29. Qxg4+ Kf6 30. Qf5# 1-0

[Event "XXVIII Festival Conca della Presolana 1N"]
[Site "Bratto - Castione della Presolana ITA"]
[Date "2008.08.27"]
[Round "5"]
[White "Bonoldi, Fabio"]
[Black "Gambarino, Federico"]
[Result "1/2-1/2"]
[WhiteElo "1902"]
[BlackElo "1847"]
[PlyCount "100"]
[EventDate "2008.08.23"]

1. c4 g6 2. Nc3 Bg7 3. g3 d6 4. Bg2 c5 5. d3 Nc6 6. e4 e6 7. Nge2 Nge7 8. O-O
O-O 9. Be3 Rb8 10. Qd2 a6 11. Rae1 b5 12. b3 Nd4 13. Bh6 Bxh6 14. Qxh6 Qa5 15.
Qd2 Nec6 16. f4 f5 17. Rd1 Re8 18. Qb2 b4 19. Nxd4 Nxd4 20. Ne2 e5 21. Qd2 Qc7
22. fxe5 Nxe2+ 23. Qxe2 Rxe5 24. Qd2 Be6 25. Rde1 Re8 26. h4 a5 27. h5 Qd7 28.
hxg6 hxg6 29. d4 cxd4 30. Qxd4 Bf7 31. Re3 Qc7 32. Rfe1 Qc5 33. Qxc5 dxc5 34.
Kf2 g5 35. Rd1 fxe4 36. Rd6 a4 37. bxa4 Bxc4 38. Rg6+ Kf7 39. Rc6 Bxa2 40. a5
Bc4 41. a6 R8e7 42. Rb6 R5e6 43. Rxe6 Rxe6 44. a7 Bd5 45. Bf1 Re7 46. Bc4 Rxa7
47. Bxd5+ Kf6 48. Rxe4 Ra3 49. Re6+ Kf5 50. Rc6 Rc3 1/2-1/2

[Event "XXVIII Festival Conca della Presolana 1N"]
[Site "Bratto - Castione della Presolana ITA"]
[Date "2008.08.27"]
[Round "5"]
[White "Carbone, Lorenzo"]
[Black "Saccani, Ettore"]
[Result "1-0"]
[WhiteElo "1767"]
[BlackElo "1873"]
[PlyCount "75"]
[EventDate "2008.08.23"]

1. e4 e6 2. Nf3 d5 3. exd5 exd5 4. d4 Nf6 5. Bd3 Be7 6. O-O O-O 7. Nc3 c6 8. h3
h6 9. Be3 b6 10. Re1 Ba6 11. a3 Bxd3 12. Qxd3 Nbd7 13. Re2 c5 14. Rae1 Re8 15.
Bf4 a6 16. Ne5 Nxe5 17. Rxe5 c4 18. Qf3 Bd6 19. Rxe8+ Nxe8 20. Bxd6 Nxd6 21.
Nxd5 Rb8 22. Ne7+ Kh8 23. Nc6 Qc8 24. Nxb8 Qxb8 25. c3 b5 26. Qg3 Qb6 27. Qe5
a5 28. Qc5 Qb8 29. Re5 Kh7 30. Rd5 Ne4 31. Qxb5 Qf4 32. Rf5 Qc1+ 33. Kh2 Nd2
34. g3 Nf1+ 35. Kg2 Nd2 36. Rxf7 Qf1+ 37. Kh2 Qd3 38. Qf5+ 1-0

[Event "XXVIII Festival Conca della Presolana 1N"]
[Site "Bratto - Castione della Presolana ITA"]
[Date "2008.08.27"]
[Round "5"]
[White "Crippa, Mario"]
[Black "Fiorili, Roberto"]
[Result "1/2-1/2"]
[WhiteElo "1833"]
[BlackElo "1918"]
[PlyCount "104"]
[EventDate "2008.08.23"]

1. e4 g6 2. d4 Bg7 3. Nf3 d6 4. h3 c6 5. c4 a6 6. a4 Nf6 7. Nc3 O-O 8. Bd3 Nbd7
9. O-O e5 10. dxe5 dxe5 11. Qe2 Re8 12. Be3 Qe7 13. Rfd1 Nc5 14. Bc2 Nh5 15.
Qd2 Ne6 16. a5 Nef4 17. Qd6 Be6 18. Qxe7 Rxe7 19. Na4 h6 20. Nb6 Rb8 21. Bc5
Ree8 22. Bd6 Rbd8 23. c5 f5 24. Nh4 Ne2+ 25. Kh2 Nd4 26. Bd3 Kh7 27. Re1 Nf4
28. Bb1 fxe4 29. Bxe4 Bf5 30. Nxf5 gxf5 31. Bb1 Re6 32. Ra3 h5 33. g3 Nd5 34.
Nxd5 cxd5 35. Rae3 e4 36. f3 Rde8 37. fxe4 fxe4 38. Rf1 Kh8 39. Rf7 Nf3+ 40.
Kg2 Ng5 41. Rxb7 d4 42. h4 dxe3 43. hxg5 Bd4 44. Kf1 Rg6 45. Be7 Rxe7 46. Rxe7
Bxc5 47. Re5 Bd6 48. Rf5 Bxg3 49. Bxe4 Re6 50. Bd3 h4 51. Rf6 Rxf6+ 52. gxf6
Be5 1/2-1/2

[Event "XXVIII Festival Conca della Presolana 1N"]
[Site "Bratto - Castione della Presolana ITA"]
[Date "2008.08.27"]
[Round "5"]
[White "De Bortoli, Thomas"]
[Black "Biava, Pierluigi"]
[Result "1-0"]
[WhiteElo "1805"]
[BlackElo "1872"]
[PlyCount "73"]
[EventDate "2008.08.23"]

1. e4 c5 2. Nf3 e6 3. d4 cxd4 4. Nxd4 a6 5. Nc3 Nf6 6. Bg5 Qa5 7. Bxf6 gxf6 8.
Qf3 Qe5 9. O-O-O Bc5 10. Qd3 Nc6 11. Nxc6 bxc6 12. Qg3 Qg5+ 13. Qxg5 fxg5 14.
e5 Bxf2 15. Ne4 Be3+ 16. Kb1 Bf4 17. Nd6+ Ke7 18. Nc4 g4 19. Rd4 Bh6 20. Rxg4
a5 21. Bd3 Ba6 22. Nd6 f6 23. Bxa6 Rxa6 24. Nc4 fxe5 25. Nxe5 d6 26. Nf3 e5 27.
Rf1 Ke6 28. Rh4 Be3 29. Re1 Bf2 30. Rh6+ Kf5 31. Rf1 Be3 32. Rxd6 Rg8 33. Re1
Bd4 34. c3 Bxc3 35. bxc3 Rb6+ 36. Kc1 Rxg2 37. Nh4+ 1-0

[Event "XXVIII Festival Conca della Presolana 1N"]
[Site "Bratto - Castione della Presolana ITA"]
[Date "2008.08.27"]
[Round "5"]
[White "Dritsakos, Alessio"]
[Black "Pulvirenti, Gianni"]
[Result "1/2-1/2"]
[WhiteElo "1848"]
[BlackElo "1952"]
[PlyCount "95"]
[EventDate "2008.08.23"]

1. e4 g6 2. d4 Bg7 3. Be3 d6 4. Nc3 c6 5. Qd2 Nd7 6. f3 Qa5 7. Bc4 a6 8. Nge2
b5 9. Bb3 Bb7 10. O-O Ngf6 11. a4 Qc7 12. axb5 cxb5 13. Nf4 Rc8 14. Nfd5 Nxd5
15. Nxd5 Qd8 16. Bg5 Bxd5 17. Bxd5 Qb6 18. c3 Nf6 19. Bb3 O-O 20. Bh6 Rc7 21.
Bxg7 Kxg7 22. Kh1 e5 23. Rfd1 Rd7 24. Qe2 a5 25. dxe5 dxe5 26. Rxd7 Nxd7 27.
Rd1 Nf6 28. Qd2 Rc8 29. Qd6 Qxd6 30. Rxd6 a4 31. Bd1 a3 32. bxa3 Rxc3 33. a4
bxa4 34. Bxa4 Rc1+ 35. Rd1 Rxd1+ 36. Bxd1 g5 37. g4 h5 38. h3 h4 39. Kg2 Nd7
40. Kf2 Nf8 41. Be2 Kf6 42. Ke3 Ng6 43. Kd2 Nf4 44. Bf1 Ke6 45. Kc3 Kd6 46. Kb4
Ne6 47. Be2 Nd4 48. Bd1 1/2-1/2

[Event "XXVIII Festival Conca della Presolana 1N"]
[Site "Bratto - Castione della Presolana ITA"]
[Date "2008.08.27"]
[Round "5"]
[White "Fasiello, Andrea"]
[Black "Villa, Claudio"]
[Result "0-1"]
[WhiteElo "1879"]
[BlackElo "1863"]
[PlyCount "51"]
[EventDate "2008.08.23"]

1. e4 e5 2. Bc4 Bc5 3. Nc3 Nf6 4. d3 O-O 5. Nf3 Nc6 6. O-O h6 7. h3 Qe7 8. a3
a6 9. Qe2 b5 10. Ba2 Bb7 11. b4 Bb6 12. Bb2 Nd4 13. Nxd4 exd4 14. Nd1 Rae8 15.
Kh1 d5 16. f3 Nh5 17. Qf2 Qd6 18. Re1 Ng3+ 19. Kg1 dxe4 20. dxe4 d3 21. Ne3 d2
22. Re2 d1=Q+ 23. Rxd1 Qxd1+ 24. Re1 Bxe3 25. Rxd1 Bxf2+ 26. Kxf2 0-1

[Event "XXVIII Festival Conca della Presolana 1N"]
[Site "Bratto - Castione della Presolana ITA"]
[Date "2008.08.27"]
[Round "5"]
[White "Favoni, Matteo"]
[Black "Mandolini, Riccardo"]
[Result "1/2-1/2"]
[WhiteElo "1941"]
[BlackElo "1946"]
[PlyCount "40"]
[EventDate "2008.08.23"]

1. d4 d5 2. c4 e6 3. Nc3 Nf6 4. Nf3 Be7 5. Bg5 O-O 6. e3 b6 7. Rc1 dxc4 8. Bxc4
Bb7 9. O-O Nbd7 10. Qe2 Nd5 11. Bxe7 Qxe7 12. Nxd5 exd5 13. Bb5 Rac8 14. Ba6
Bxa6 15. Qxa6 c5 16. Qxa7 Ra8 17. Qb7 Qd6 18. Ne5 Nxe5 19. dxe5 Qe6 20. a3 Rfb8
1/2-1/2

[Event "XXVIII Festival Conca della Presolana 1N"]
[Site "Bratto - Castione della Presolana ITA"]
[Date "2008.08.27"]
[Round "5"]
[White "Litrico, Paolo"]
[Black "Lanni, Vincenzo"]
[Result "0-1"]
[WhiteElo "1921"]
[BlackElo "1849"]
[PlyCount "142"]
[EventDate "2008.08.23"]

1. d4 g6 2. e4 Bg7 3. Nf3 d6 4. Nc3 Nf6 5. Be3 O-O 6. Qd2 c6 7. h4 h5 8. Bh6
Nbd7 9. Bxg7 Kxg7 10. O-O-O Qa5 11. Kb1 b5 12. Bd3 e5 13. Qg5 Qc7 14. Ne2 Ng4
15. Rdf1 f6 16. Qd2 Nb6 17. Nh2 Nxh2 18. Rxh2 Nc4 19. Bxc4 bxc4 20. f4 Bg4 21.
f5 gxf5 22. exf5 Rab8 23. c3 a5 24. g3 Qc8 25. Rhf2 Bh3 26. Re1 Bxf5+ 27. Ka1
Bg4 28. Ref1 Qe6 29. Ng1 e4 30. Qe3 d5 31. Ne2 Bxe2 32. Qxe2 Qg4 33. Qxg4+ hxg4
34. Kb1 Kg6 35. Kc1 f5 36. Kc2 a4 37. a3 Rb7 38. Kc1 e3 39. Re2 Re7 40. Kd1 Re4
41. Ke1 Kf6 42. Rh2 Rb8 43. Re2 Rc8 44. Rh1 c5 45. dxc5 Rxc5 46. h5 Rc7 47. h6
Rh7 48. Rh4 Kg6 49. Reh2 d4 50. cxd4 Rxd4 51. Ke2 Rd3 52. Rh5 Rb3 53. Ke1 c3
54. bxc3 Rxc3 55. R5h4 Rxa3 56. Rc2 Rb3 57. Rc6+ Kg5 58. Ra6 Rb2 59. Rxa4 Rg2
60. Ra6 Rxg3 61. Rh2 Rh3 62. Rb2 R7xh6 63. Rxh6 Rxh6 64. Rb3 f4 65. Rb5+ Kh4
66. Ke2 Kg3 67. Rb4 Rh2+ 68. Kd3 Rd2+ 69. Ke4 e2 70. Rb1 Kf2 71. Kxf4 Rd4+ 0-1

[Event "XXVIII Festival Conca della Presolana 1N"]
[Site "Bratto - Castione della Presolana ITA"]
[Date "2008.08.27"]
[Round "5"]
[White "Maccarini, Luca Nicola"]
[Black "Melone, Antonio"]
[Result "0-1"]
[WhiteElo "1920"]
[BlackElo "1718"]
[PlyCount "78"]
[EventDate "2008.08.23"]

1. d4 Nf6 2. Nf3 g6 3. c4 c5 4. d5 d6 5. Nc3 Bg7 6. g3 O-O 7. Bg2 e6 8. O-O
exd5 9. cxd5 Bg4 10. Bg5 h6 11. Bf4 a6 12. a4 Re8 13. Qd2 Kh7 14. Rfe1 Qc7 15.
Ra3 Nbd7 16. h3 Bxf3 17. Bxf3 b6 18. e4 Rab8 19. Qd3 c4 20. Qe2 b5 21. axb5
axb5 22. Ra6 Ne5 23. Bxe5 Rxe5 24. Rea1 b4 25. Nd1 Nxd5 26. Qd2 c3 27. bxc3
bxc3 28. Qc1 c2 29. exd5 Re1+ 30. Kh2 Bxa1 31. Rxa1 Qc5 32. Qf4 f5 33. Rc1 Rb1
34. Ne3 Rbxc1 35. Ng4 Rh1+ 36. Bxh1 Rxh1+ 37. Kg2 Qxd5+ 38. f3 fxg4 39. Kxh1
Qxf3+ 0-1

[Event "XXVIII Festival Conca della Presolana 1N"]
[Site "Bratto - Castione della Presolana ITA"]
[Date "2008.08.27"]
[Round "5"]
[White "Morandi, Daniele"]
[Black "Calcagno, Stefano"]
[Result "1-0"]
[WhiteElo "1988"]
[BlackElo "1861"]
[PlyCount "61"]
[EventDate "2008.08.23"]

1. e4 c5 2. Nf3 a6 3. Nc3 Nc6 4. d4 cxd4 5. Nxd4 e6 6. Be2 Bb4 7. O-O Nf6 8.
Nxc6 bxc6 9. e5 Nd5 10. Nxd5 cxd5 11. Bd3 h5 12. c3 Be7 13. Be3 Qc7 14. Bd4 a5
15. Qe2 Rb8 16. b3 Ra8 17. Kh1 Bb7 18. f4 g6 19. Rae1 Qc6 20. f5 gxf5 21. Bxf5
Ba6 22. Bd3 Bh4 23. g3 Bxd3 24. Qxd3 Bg5 25. Rf3 Qa6 26. Qc2 a4 27. b4 Qc4 28.
Ref1 Rc8 29. Rxf7 Qxd4 30. Rf8+ Rxf8 31. Qg6+ 1-0

[Event "XXVIII Festival Conca della Presolana 1N"]
[Site "Bratto - Castione della Presolana ITA"]
[Date "2008.08.27"]
[Round "5"]
[White "Napoli, Ferdinando"]
[Black "Franzini, Stefano"]
[Result "0-1"]
[WhiteElo "1829"]
[BlackElo "1860"]
[PlyCount "113"]
[EventDate "2008.08.23"]

1. e4 c5 2. Nf3 Nc6 3. d4 cxd4 4. Nxd4 e5 5. Nb5 d6 6. c4 a6 7. N5c3 Be6 8. Na3
Nf6 9. f3 Be7 10. Be3 O-O 11. Qd2 Rc8 12. Rc1 Ne8 13. Nc2 f5 14. exf5 Bxf5 15.
Bd3 Bxd3 16. Qxd3 Bh4+ 17. Ke2 Bg5 18. a3 Kh8 19. Nd5 Bxe3 20. Ndxe3 Qg5 21. h4
Qg3 22. Rcd1 Nf6 23. Rh3 e4 24. Rxg3 exd3+ 25. Kxd3 Nh5 26. Rg5 g6 27. Kc3 Rf6
28. Rgd5 Nf4 29. R5d2 Ne5 30. Nb4 b5 31. b3 a5 32. Nbd5 Rf7 33. Nxf4 Rxf4 34.
Rxd6 bxc4 35. Rd8+ Rxd8 36. Rxd8+ Kg7 37. bxc4 Rxh4 38. Rd5 Kf6 39. Rxa5 Rh1
40. Kd2 Rg1 41. Ra6+ Kg5 42. c5 Rb1 43. Rb6 Ra1 44. Rb3 Ra2+ 45. Kc3 Kf4 46.
Kd4 Rd2+ 47. Kc3 Rd3+ 48. Kb4 Nc6+ 49. Ka4 Rxb3 50. Kxb3 Kxe3 51. Kc4 Kf2 52.
Kd5 Na7 53. c6 Kxg2 54. c7 h5 55. Kc5 h4 56. Kb6 Nc8+ 57. Kb7 0-1

[Event "XXVIII Festival Conca della Presolana 1N"]
[Site "Bratto - Castione della Presolana ITA"]
[Date "2008.08.27"]
[Round "5"]
[White "Nardone, Massimo"]
[Black "Jones, Alessandro"]
[Result "1/2-1/2"]
[WhiteElo "1884"]
[BlackElo "1968"]
[PlyCount "40"]
[EventDate "2008.08.23"]

1. d4 d5 2. Nf3 Nf6 3. e3 e6 4. Bd3 b6 5. b3 Ba6 6. Bb2 c5 7. Bxa6 Nxa6 8. Nbd2
Bd6 9. O-O O-O 10. Qe2 Nb4 11. a3 Nc6 12. Ne5 Qc7 13. Nxc6 Qxc6 14. dxc5 Bxc5
15. Bxf6 gxf6 16. c4 Kh8 17. Qf3 Be7 18. cxd5 Qxd5 19. Qxd5 exd5 20. b4 Rfc8
1/2-1/2

[Event "XXVIII Festival Conca della Presolana 1N"]
[Site "Bratto - Castione della Presolana ITA"]
[Date "2008.08.27"]
[Round "5"]
[White "Oteri, Aldo"]
[Black "Conta, Diego"]
[Result "1-0"]
[WhiteElo "1844"]
[BlackElo "1825"]
[PlyCount "59"]
[EventDate "2008.08.23"]

1. e4 c5 2. Nf3 Nc6 3. d4 cxd4 4. Nxd4 g6 5. Nc3 Bg7 6. Be3 Nf6 7. f3 O-O 8.
Qd2 d6 9. O-O-O Bd7 10. h4 Ne5 11. g4 h5 12. Be2 Kh7 13. gxh5 Nxh5 14. f4 Ng4
15. Bxg4 Bxg4 16. Rdg1 Qc8 17. f5 Nf6 18. Rxg4 Nxg4 19. h5 g5 20. Bxg5 Bh6 21.
Rg1 Rg8 22. Rxg4 f6 23. Ne6 fxg5 24. Nd5 Qe8 25. f6 Qxh5 26. fxe7 Qf7 27. Nd4
Rg6 28. Nf5 Qe6 29. Nc7 Rc8 30. Nxe6 1-0

[Event "XXVIII Festival Conca della Presolana 1N"]
[Site "Bratto - Castione della Presolana ITA"]
[Date "2008.08.27"]
[Round "5"]
[White "Paganini, Andrea"]
[Black "Cavaliere, Simone"]
[Result "0-1"]
[WhiteElo "1840"]
[BlackElo "1876"]
[PlyCount "88"]
[EventDate "2008.08.23"]

1. e4 c5 2. d4 cxd4 3. c3 d5 4. Qxd4 dxe4 5. Qxd8+ Kxd8 6. Bc4 e6 7. Be3 Nf6 8.
Nd2 Bd6 9. Bg5 e3 10. Bxe3 h6 11. O-O-O Ke7 12. Nb3 b6 13. h3 Bb7 14. f3 Nbd7
15. Nd4 Rac8 16. Bb3 Nd5 17. Bxd5 Bxd5 18. Nf5+ exf5 19. Rxd5 Ke6 20. Rd1 Bc5
21. Re1 Bxe3+ 22. Rxe3+ Kf6 23. Ne2 Rhe8 24. Rxe8 Rxe8 25. Nf4 Kg5 26. g3 h5
27. Rd1 Nf6 28. h4+ Kh6 29. Nd5 Nxd5 30. Rxd5 f4 31. gxf4 Re3 32. Rd7 f6 33.
Rxa7 Rxf3 34. Ra4 Kg6 35. Rb4 Kf5 36. Rxb6 Rxf4 37. Rb4 g5 38. hxg5 fxg5 39.
Rb5+ Kg4 40. Kd2 h4 41. Ke3 h3 42. Rb8 h2 43. Rh8 Rf3+ 44. Ke2 Rh3 0-1

[Event "XXVIII Festival Conca della Presolana 1N"]
[Site "Bratto - Castione della Presolana ITA"]
[Date "2008.08.27"]
[Round "5"]
[White "Quagliarella, Sabino Remo"]
[Black "Guzzetti, Luigi Enrico"]
[Result "1/2-1/2"]
[WhiteElo "1925"]
[BlackElo "1739"]
[PlyCount "144"]
[EventDate "2008.08.23"]

1. d4 Nf6 2. Nf3 g6 3. g3 Bg7 4. Bg2 d6 5. O-O O-O 6. Nbd2 Nbd7 7. e4 e5 8. c3
c5 9. dxe5 Nxe5 10. Nxe5 dxe5 11. Nc4 Qc7 12. Qd6 Qxd6 13. Nxd6 Rd8 14. Nxc8
Raxc8 15. Re1 b5 16. Be3 Ng4 17. Bg5 f6 18. Bc1 b4 19. h3 Nh6 20. Be3 bxc3 21.
bxc3 Rd3 22. c4 Nf7 23. Bf1 Ra3 24. Bc1 Ra4 25. Rd1 Nd8 26. a3 Nc6 27. Rd7 Rd8
28. Rxd8+ Nxd8 29. Rb1 Ne6 30. Rb7 h5 31. Bd3 Nd4 32. Kg2 g5 33. f3 h4 34. gxh4
gxh4 35. Kf2 Ne6 36. Rb8+ Kf7 37. Bf1 Nf4 38. Rb3 Kg6 39. Be3 Ne6 40. Rc3 Bh6
41. Bxh6 Kxh6 42. Ke3 Kg5 43. Be2 Nd4 44. Bd1 Ra6 45. Rd3 Rb6 46. Rd2 f5 47.
exf5 Kxf5 48. Ba4 Rb1 49. Bd7+ Kf6 50. Ke4 Rb3 51. Bg4 Rxa3 52. Kd5 a5 53. Rb2
a4 54. Rb6+ Kg5 55. Kxc5 Nxf3 56. Kd5 Nd2 57. Ra6 Rd3+ 58. Kxe5 Nxc4+ 59. Ke4
Ra3 60. Kd4 Nd2 61. Bd7 Nf3+ 62. Kc4 Ne5+ 63. Kb4 Rd3 64. Ra5 Kf4 65. Bxa4 Rxh3
66. Ra8 Re3 67. Rf8+ Kg3 68. Rg8+ Kh2 69. Kc5 h3 70. Kd4 Ra3 71. Be8 Nf3+ 72.
Ke4 Nd2+ 1/2-1/2

[Event "XXVIII Festival Conca della Presolana 1N"]
[Site "Bratto - Castione della Presolana ITA"]
[Date "2008.08.27"]
[Round "5"]
[White "Raselli, Claudio"]
[Black "Autino, Massimiliano"]
[Result "1-0"]
[WhiteElo "1962"]
[BlackElo "1809"]
[PlyCount "39"]
[EventDate "2008.08.23"]

1. d4 d5 2. Nf3 Nf6 3. e3 c5 4. c3 e6 5. Bd3 Nc6 6. Nbd2 Bd6 7. O-O O-O 8. dxc5
Bxc5 9. e4 dxe4 10. Nxe4 Nxe4 11. Bxe4 Qc7 12. Qe2 Be7 13. Rd1 Bd7 14. Bf4 Qxf4
15. Rxd7 Bc5 16. Rxb7 Ne5 17. Nxe5 Bxf2+ 18. Kh1 Be3 19. Bf3 Qxe5 20. Re1 1-0

[Event "XXVIII Festival Conca della Presolana 1N"]
[Site "Bratto - Castione della Presolana ITA"]
[Date "2008.08.27"]
[Round "5"]
[White "Regorda, Vittorio"]
[Black "Crimi, Alessandro"]
[Result "1-0"]
[WhiteElo "1859"]
[BlackElo "1904"]
[PlyCount "120"]
[EventDate "2008.08.23"]

1. d4 Nf6 2. c4 c5 3. Nc3 g6 4. e4 cxd4 5. Qxd4 Nc6 6. Qd1 Bg7 7. Be3 O-O 8.
Bd3 d6 9. f3 Ne5 10. Nge2 Be6 11. b3 Qa5 12. O-O Nxd3 13. Qxd3 Nd7 14. Rac1 Qh5
15. Nf4 Qh4 16. g3 Qf6 17. Ncd5 Bxd5 18. Nxd5 Qe6 19. Nc7 Qh3 20. Nxa8 Rxa8 21.
Qe2 Nf6 22. Qg2 Qe6 23. Rfe1 Rb8 24. Qf2 a6 25. Re2 b5 26. c5 d5 27. Bf4 Rd8
28. exd5 Qc8 29. Rd2 Re8 30. c6 h6 31. Be3 g5 32. Bb6 Bf8 33. Rdc2 Qf5 34. Rd2
g4 35. fxg4 Qxg4 36. Rd4 Qh5 37. g4 Qg6 38. Qg2 Rc8 39. h3 Ne8 40. g5 h5 41.
Bc5 Nd6 42. Bxd6 Qxd6 43. Kh1 Bg7 44. Rd3 Be5 45. Qf3 Qg6 46. Rf1 Rf8 47. Qf5
Qg7 48. Re3 Bd6 49. g6 fxg6 50. Qxf8+ Qxf8 51. Rxf8+ Kxf8 52. Re6 Bb8 53. Rxg6
Kf7 54. Re6 Bc7 55. Kg2 h4 56. Kf3 a5 57. Ke4 Bh2 58. Kf5 Bg3 59. Rh6 Kg7 60.
Rh5 a4 1-0

[Event "XXVIII Festival Conca della Presolana 1N"]
[Site "Bratto - Castione della Presolana ITA"]
[Date "2008.08.27"]
[Round "5"]
[White "Romano, Zeno"]
[Black "Rossetti, Alberto"]
[Result "1/2-1/2"]
[WhiteElo "1948"]
[BlackElo "1689"]
[PlyCount "73"]
[EventDate "2008.08.23"]

1. e4 c6 2. d4 d5 3. Nc3 dxe4 4. Nxe4 Nd7 5. Nf3 Ngf6 6. Ng3 e6 7. Bd3 c5 8. c3
Bd6 9. O-O O-O 10. Bg5 Qc7 11. Qc2 h6 12. Bd2 b6 13. Ne4 Nxe4 14. Bxe4 Bb7 15.
Bxb7 Qxb7 16. Be3 Rac8 17. Rad1 Rfd8 18. dxc5 Bxc5 19. Bd4 Bxd4 20. Rxd4 Nf6
21. Rfd1 Qc7 22. Qd3 Rd5 23. Rxd5 Nxd5 24. g3 Qc4 25. Qxc4 Rxc4 26. Rd4 Rxd4
27. Nxd4 Kf8 28. Kf1 Ke8 29. Ke2 Kd7 30. Kd3 h5 31. a3 e5 32. Nf3 Kd6 33. Ng5
f5 34. c4 Nf6 35. f3 Nd7 36. b4 a5 37. Kc3 1/2-1/2

[Event "XXVIII Festival Conca della Presolana 1N"]
[Site "Bratto - Castione della Presolana ITA"]
[Date "2008.08.27"]
[Round "5"]
[White "Rossini, Luca"]
[Black "Roversi, Stefano"]
[Result "0-1"]
[WhiteElo "1785"]
[BlackElo "1840"]
[PlyCount "92"]
[EventDate "2008.08.23"]

1. d4 Nf6 2. c4 g6 3. Nc3 Bg7 4. e4 d6 5. Bd3 Nc6 6. Nge2 O-O 7. f3 e5 8. d5
Nb4 9. O-O Nxd3 10. Qxd3 Nd7 11. Be3 f5 12. f4 exf4 13. Rxf4 Ne5 14. Qd2 Nxc4
15. Qd3 Nxe3 16. Qxe3 Bh6 17. Raf1 Bxf4 18. Qxf4 fxe4 19. Qxf8+ Qxf8 20. Rxf8+
Kxf8 21. Nxe4 Bf5 22. N4c3 Re8 23. Nd4 a6 24. Kf2 Bd7 25. Nce2 Re5 26. Nc3 c6
27. dxc6 bxc6 28. Nf3 Rf5 29. Ne4 d5 30. Nc5 Bc8 31. Nd3 d4 32. Ke2 c5 33. b3
a5 34. a3 Ba6 35. Kd2 Bxd3 36. Kxd3 Ke7 37. Kc4 Kd6 38. b4 axb4 39. axb4 cxb4
40. Kxb4 Rxf3 41. gxf3 Ke5 42. Kc4 Kf4 43. Kxd4 Kxf3 44. Ke5 Kg2 45. Kf4 Kxh2
46. Kg5 Kg3 0-1

[Event "XXVIII Festival Conca della Presolana 1N"]
[Site "Bratto - Castione della Presolana ITA"]
[Date "2008.08.27"]
[Round "5"]
[White "Rota, Simone"]
[Black "Rozzoni, Davide"]
[Result "0-1"]
[WhiteElo "1834"]
[BlackElo "1861"]
[PlyCount "66"]
[EventDate "2008.08.23"]

1. d4 g6 2. c4 Nh6 3. e4 d6 4. Nc3 c6 5. h3 Bg7 6. Nf3 f6 7. Be3 e6 8. Qd2 Nf7
9. d5 cxd5 10. cxd5 e5 11. Bb5+ Nd7 12. h4 a6 13. Ba4 b5 14. Bb3 f5 15. exf5
gxf5 16. g3 Nf6 17. a3 Ng4 18. h5 Nxe3 19. Qxe3 Bh6 20. Qe2 Qb6 21. Rd1 O-O 22.
Nh4 Bd7 23. Bc2 Ng5 24. Kf1 Rae8 25. Nf3 Nxf3 26. Qxf3 b4 27. axb4 Qxb4 28. Rb1
Rc8 29. Rh4 e4 30. Qd1 Qc4+ 31. Kg1 Qc5 32. Bxe4 fxe4 33. Nxe4 Qc2 0-1

[Event "XXVIII Festival Conca della Presolana 1N"]
[Site "Bratto - Castione della Presolana ITA"]
[Date "2008.08.27"]
[Round "5"]
[White "Sala, Giovanni"]
[Black "Cambieri, Mario"]
[Result "1/2-1/2"]
[WhiteElo "1970"]
[BlackElo "1879"]
[PlyCount "90"]
[EventDate "2008.08.23"]

1. c4 Nf6 2. Nf3 g6 3. g3 Bg7 4. Bg2 c5 5. Nc3 Nc6 6. O-O O-O 7. d3 a6 8. Rb1
d5 9. cxd5 Nxd5 10. Nxd5 Qxd5 11. a3 Qd8 12. Qc2 Bd7 13. Qxc5 Rc8 14. Qe3 e6
15. b4 Ne7 16. Bb2 Rc2 17. Bxg7 Kxg7 18. Nd4 Nf5 19. Nxf5+ exf5 20. Qd4+ Kg8
21. Rfc1 Rxe2 22. Bxb7 Bb5 23. Qxd8 Rxd8 24. Rc3 Rxd3 25. Rxd3 Bxd3 26. Rd1 Re7
27. Rxd3 Rxb7 28. Rd6 Ra7 29. h4 Kf8 30. Kg2 Ke7 31. Rb6 h5 32. Kf3 a5 33. a4
axb4 34. Rxb4 Ra5 35. Ke3 Rc5 36. Rb3 Rc4 37. Ra3 Kd7 38. f4 Kc6 39. Kd3 Re4
40. Kc3 Kb6 41. a5+ Ka6 42. Kd3 Rb4 43. Ke3 Re4+ 44. Kd3 Rb4 45. Ke3 Re4+
1/2-1/2

[Event "XXVIII Festival Conca della Presolana 1N"]
[Site "Bratto - Castione della Presolana ITA"]
[Date "2008.08.27"]
[Round "5"]
[White "Scarpellini, Felice"]
[Black "Nepi, Ezio"]
[Result "1/2-1/2"]
[WhiteElo "1857"]
[BlackElo "1833"]
[PlyCount "81"]
[EventDate "2008.08.23"]

1. c4 e5 2. Nc3 Nc6 3. g3 g6 4. Bg2 Bg7 5. d3 f5 6. e4 d6 7. Nge2 Nf6 8. f4 O-O
9. O-O fxe4 10. Nxe4 Nxe4 11. Bxe4 Bg4 12. h3 Bxh3 13. Rf2 Qd7 14. Rh2 Rae8 15.
Be3 Bf5 16. Bd5+ Kh8 17. Nc3 exf4 18. Bxf4 Ne5 19. Be4 Bxe4 20. Nxe4 Ng4 21.
Rh4 Bd4+ 22. Kh1 Rxe4 23. Qxg4 Qxg4 24. Rxg4 Re2 25. Bxd6 Bxb2 26. Bxf8 Bxa1
27. Re4 Rxe4 28. dxe4 Kg8 29. Bh6 Kf7 30. Kg2 Ke6 31. Kf3 Be5 32. g4 Kd6 33.
Be3 h5 34. gxh5 gxh5 35. Bf2 a6 36. a4 Kc6 37. Be3 b5 38. cxb5+ axb5 39. axb5+
Kxb5 40. Bf2 c5 41. Bxc5 1/2-1/2

[Event "XXVIII Festival Conca della Presolana 1N"]
[Site "Bratto - Castione della Presolana ITA"]
[Date "2008.08.27"]
[Round "5"]
[White "Viglino, Antonio"]
[Black "Saracco, Marco"]
[Result "1-0"]
[WhiteElo "1862"]
[BlackElo "1939"]
[PlyCount "93"]
[EventDate "2008.08.23"]

1. d4 d5 2. Nf3 Nf6 3. c4 e6 4. g3 Be7 5. Bg2 O-O 6. O-O Nbd7 7. cxd5 exd5 8.
Nc3 c6 9. Bf4 Re8 10. Rb1 Nf8 11. b4 Ne6 12. Bd2 Ne4 13. Na4 Nxd2 14. Qxd2 a6
15. Rfc1 Bf6 16. e3 Bd7 17. Nc5 Bc8 18. a4 b6 19. Nd3 Bb7 20. Nfe5 Bxe5 21.
Nxe5 Rc8 22. Rc3 f6 23. Nd3 Ng5 24. Nf4 Ne4 25. Bxe4 Rxe4 26. a5 b5 27. Rbc1
Re7 28. Nd3 Ba8 29. Qe2 g6 30. Qf3 Kg7 31. Nc5 Qd6 32. Nxa6 Ra7 33. Nc5 Kf7 34.
Qf4 Qxf4 35. gxf4 Ke7 36. Kg2 Kd6 37. Kf3 Re7 38. Rg1 Rg7 39. h4 Rcg8 40. Rg3
g5 41. fxg5 fxg5 42. hxg5 Rxg5 43. Rxg5 Rxg5 44. Rc1 Rf5+ 45. Ke2 Rf8 46. Rg1
Rf7 47. Rg8 1-0